| 000 | 01076nam a22002657a 4500 | ||
|---|---|---|---|
| 005 | 20080905121451.0 | ||
| 008 | 110608t xxu||||| |||| 00| 0 hin d | ||
| 010 | _aHIN-92907 | ||
| 020 |
_c150.00 _a8188693472 |
||
| 035 | _aHN-65253 | ||
| 037 | _bDBAD / PUB | ||
| 040 |
_aDPL _bHN |
||
| 082 | _a920 | ||
| 100 |
_928442 _aभाटिया, सुदर्शन |
||
| 245 |
_aअनुपम तथा अनमोल भारतीय नारी कोश / _cसुदर्शन भाटिया |
||
| 260 |
_aदिल्ली _bमित्तल एंड संस _c2011 |
||
| 270 |
_a80, विजय ब्लॉक, लक्ष्मीनगर _bदिल्ली _e110092 _k22756734 |
||
| 300 |
_a111पृ _c22सेमी (सजिल्द) |
||
| 650 | _928443 | ||
| 650 | _928455 | ||
| 700 | _928521 | ||
| 700 | _928536 | ||
| 942 |
_adpl _cHN _2ddc _mभाटिया _h920 |
||
| 999 |
_c52869 _d52869 |
||